| 000 | 00413nam a2200169Ia 4500 | ||
|---|---|---|---|
| 008 | 230524s9999 xx 000 0 und d | ||
| 082 | _bBEH | ||
| 100 |
_aSaumendra Behera _942025 |
||
| 245 | 0 | _aAnalogue Electronics Circuit | |
| 250 | _a1 | ||
| 260 |
_aBBSR _bLakhmi Pub. _c2011 |
||
| 300 | _a324p: | ||
| 500 | _aQuantity Number: 1 | ||
| 650 | _aElectronics | ||
| 700 |
_a B.C. Parida _942026 |
||
| 942 | _cBK | ||
| 999 |
_c56442 _d56442 |
||